000 00606nam a2200241Ia 4500
003 OSt
005 20220924151620.0
006 a|||||r|||| 00| 0
007 ta
008 220923b |||||||| |||| 00| 0 ara d
024 _a338407
037 _cTextual
040 _aARTS
_cARTS
_bara
041 _2ara
_aara
082 _aO28,3NYA,1, L5
100 _aHaqi Yahya Au.
_9206216
245 0 _aQandeel um Hashim
260 _c1975
300 _a203p.
_ccm.
650 _aARABIC FICTION
_964594
942 _hO28,3NYA,1, L5
_cTEXL
_2CC
999 _c467153
_d467153